Assessment of research needs for advanced fuel cells / (Record no. 9575)
[ view plain ]
| 000 -LEADER | |
|---|---|
| fixed length control field | 01087nam a2200289 a 4500 |
| 001 - CONTROL NUMBER | |
| control field | 9575 |
| 003 - CONTROL NUMBER IDENTIFIER | |
| rucl marc code | BD-RjUL |
| 005 - DATE AND TIME OF LATEST TRANSACTION | |
| control field | 20211208234812.0 |
| 008 - FIXED-LENGTH DATA ELEMENTS--GENERAL INFORMATION | |
| fixed length control field | 140121s1986 nyua b 000 0 eng |
| 020 ## - INTERNATIONAL STANDARD BOOK NUMBER | |
| International Standard Book Number | 0080339905 |
| 035 ## - SYSTEM CONTROL NUMBER | |
| System control number | (BD-RjUL)9620 |
| 040 ## - CATALOGING SOURCE | |
| Original cataloging agency | DLC |
| Transcribing agency | DLC |
| Modifying agency | DLC |
| -- | BD-RjUL |
| Language of cataloging | eng |
| 041 ## - LANGUAGE CODE | |
| Language code of text/sound track or separate title | eng |
| 082 00 - DEWEY DECIMAL CLASSIFICATION NUMBER | |
| Classification number | 621.312429 |
| Edition number | 19 |
| Author mark and year | ASS |
| 245 00 - TITLE STATEMENT | |
| Title | Assessment of research needs for advanced fuel cells / |
| Statement of responsibility, etc. | by the DOE Advanced Fuel Cell Working Group, 1984-85 (AFCWG) ; editor, S.S. Penner. |
| 260 ## - PUBLICATION, DISTRIBUTION, ETC. (IMPRINT) | |
| Place of publication, distribution, etc. | New York : |
| Name of publisher, distributor, etc. | Pergamon Press, |
| Date of publication, distribution, etc. | c1986. |
| 300 ## - PHYSICAL DESCRIPTION | |
| Pagination | xi, 229 p. : |
| Illustrations | ill. ; |
| Size | 28 cm. |
| 500 ## - GENERAL NOTE | |
| General note | "Published as a special issue of the journal Energy, volume 11, number 1/2 and supplied to subscribers as part of their normal subscription. Also available to non-subscribers"--P. [ii] |
| 504 ## - BIBLIOGRAPHY, ETC. NOTE | |
| Bibliography, etc | Includes bibliographies. |
| 650 #0 - SUBJECT ADDED ENTRY--TOPICAL TERM | |
| Topical term or geographic name as entry element | Fuel cells. |
| 9 (RLIN) | 29661 |
| Topical term or geographic name as entry element | Fuel cells |
| General subdivision | Research. |
| 9 (RLIN) | 29662 |
| 700 1# - ADDED ENTRY--PERSONAL NAME | |
| Personal name | Penner, S. S. |
| 710 2# - ADDED ENTRY--CORPORATE NAME | |
| Corporate name or jurisdiction name as entry element | DOE Advanced Fuel Cell Working Group. |
| 9 (RLIN) | 29664 |
| 942 ## - ADDED ENTRY ELEMENTS (KOHA) | |
| Source of classification or shelving scheme | Dewey Decimal Classification |
| Koha item type | Books |
| Lost status | Source of classification or shelving scheme | Damaged status | Not for loan | Collection code | Permanent Location | Current Location | Shelving location | Date acquired | Source of acquisition | Cost, normal purchase price | Total Checkouts | Full call number | Date last seen | Copy number | Koha item type |
|---|---|---|---|---|---|---|---|---|---|---|---|---|---|---|---|
| Dewey Decimal Classification | Not For Loan | Non-fiction | Central Library, University of Rajshahi | Central Library, University of Rajshahi | Reading Room | 30/09/1991 | Abacus, London | 39.00 | 621.312429 ASS 1986 | 21/01/2014 | C-1 | Books | |||
| Dewey Decimal Classification | Non-fiction | Central Library, University of Rajshahi | Central Library, University of Rajshahi | Newspapers Stack | 30/09/1997 | Abacus london | 39.00 | 621.312429 ASS 1986 | 01/12/2018 | C-2 | Books |